[Event "Blagoevgrad op"]
[Site "Blagoevgrad"]
[Date "2013.09.29"]
[Round "2"]
[White "Lalev, Ivan"]
[Black "Stoinev, Metodi"]
[Result "0-1"]
[WhiteElo "2016"]
[BlackElo "2221"]
[PlyCount "30"]
[EventDate "2013.09.28"]
[EventType "swiss"]
[EventRounds "9"]
[EventCountry "BUL"]
[SourceTitle "CBM 156 Extra"]
[Source "ChessBase"]
[SourceDate "2013.10.22"]
[SourceVersion "1"]
[SourceVersionDate "2013.10.22"]
[SourceQuality "1"]

1. c4 Nf6 2. Nc3 c6 3. e4 e5 4. Nf3 Bb4 5. Bd3 d6 6. Bc2 Bg4 7. d4 Qa5 8. dxe5 Bxc3+ 9. bxc3 dxe5 10. 0-0 Nbd7 11. h3 Be6 12. Qd6 Bxc4 13. Re1 0-0-0 14. Bg5 Rhe8 15. Rab1 Nc5 0-1

[Event "BUL-ch qual"]
[Site "Velingrad"]
[Date "2004.03.14"]
[Round "3"]
[White "Lalev, Ivan"]
[Black "Yordanov, Nikolay Plamenov"]
[Result "0-1"]
[WhiteElo "2041"]
[BlackElo "2199"]
[PlyCount "77"]
[EventDate "2004.03.13"]
[EventType "swiss"]
[EventRounds "9"]
[EventCountry "BUL"]
[SourceTitle "CBM 099 Extra"]
[Source "ChessBase"]
[SourceDate "2004.05.04"]
[SourceVersion "1"]
[SourceVersionDate "2004.05.04"]
[SourceQuality "1"]

1. c4 b6 2. d4 e6 3. a3 Bb7 4. d5 Nf6 5. Nc3 e5 6. e4 d6 7. Nf3 Be7 8. Be2 Nbd7 9. 0-0 Bc8 10. Ne1 Nf8 11. Nd3 Ng6 12. Be3 0-0 13. b4 Ne8 14. c5 Bg5 15. Qd2 Bxe3 16. Qxe3 f5 17. f3 f4 18. Qf2 Qg5 19. Rfc1 Rf6 20. Ne1 Nf8 21. Bb5 Qh5 22. Bxe8 Qxe8 23. cxd6 cxd6 24. Kh1 Ba6 25. a4 Rh6 26. b5 Bc8 27. a5 Rb8 28. axb6 axb6 29. Ra7 Nd7 30. Nd3 g5 31. Nb4 g4 32. g3 Nf6 33. gxf4 exf4 34. fxg4 Nxg4 35. Rg1 Kh8 36. Qd4+ Ne5 37. Nc6 Rxh2+ 38. Kxh2 Qh5+ 39. Kg2 0-1